| 000 | 01045cad a22002175a 4500 | ||
|---|---|---|---|
| 001 | L149906 | ||
| 008 | 100514s2010 xxu f 000 0 eng d | ||
| 035 | _a(Sirsi) u149906 | ||
| 041 | 0 | _aeng | |
| 050 | 0 | 4 | _a346.4104343 $2 18 |
| 110 | 2 |
_aJones Lang LaSalle _93755 |
|
| 245 | 0 | 0 |
_aReal estate standards global index _h[electronic resource] |
| 260 |
_a[S.l.] _bJones Lang Lasalle _c2010 |
||
| 520 | _aJones Lang LaSalle's Real estate standards global index is an interactive reference tool giving local practices for leased and owned space in countries around the world. You can review and compare 25 critical real estate considerations on a country-by-country basis including units of measurement, rental payments, service charges, operating costs, repairs and insurance. | ||
| 521 | _aAdvanced | ||
| 590 | _aNTK KA | ||
| 651 | 4 | _aInternational | |
| 690 | _aPROPERTY-COMMERCIAL PROPERTY-COMMERCIAL PROPERTY MARKET | ||
| 856 | 4 | 0 |
_uhttps://globalstandardsindex.com/ _zView the index free of charge at www.joneslanglasalle.com |
| 942 | _n0 | ||
| 999 |
_c110678 _d110678 |
||